| 000 | 01908cam a2200493Ka 4500 | ||
|---|---|---|---|
| 001 | ocm35968372 | ||
| 003 | OCoLC | ||
| 005 | 20180625193538.0 | ||
| 008 | 961121s1996 nyua j 000 1 eng d | ||
| 010 | _z 92016028 | ||
| 020 |
_a0374442851 _q(pbk.) |
||
| 020 |
_a9780374442859 _q(pbk.) |
||
| 035 |
_a(OCoLC)35968372 _z(OCoLC)37551900 |
||
| 040 |
_aJDP _beng _cJDP _dOCL |
||
| 041 |
_aspa _heng |
||
| 049 | _aORXA | ||
| 050 | 4 |
_aPZ73 _b.S753 1996 |
|
| 082 | 0 | 4 | _a468 |
| 099 |
_fSPANISH _aj STEIG 1996 |
||
| 100 | 1 |
_aSteig, William, _d1907-2003. |
|
| 240 | 1 | 0 |
_aAbel's island. _lSpanish. |
| 245 | 1 | 3 |
_aLa isla de Abel / _cWilliam Steig ; traducido al espanol por Maria Luisa Balseiro. |
| 250 | _aMirasol pbk. ed. | ||
| 260 |
_aNew York : _bFarrar, Straus, and Giroux, _c1996, c1977. |
||
| 300 |
_a123 pages : _billustrations ; _c20 cm. |
||
| 336 |
_atext _btxt _2rdacontent. |
||
| 337 |
_aunmediated _bn _2rdamedia. |
||
| 338 |
_avolume _bnc _2rdacarrier. |
||
| 500 | _aTranslation of: Abel's island. | ||
| 500 | _a"MIRASOL/libros juveniles." | ||
| 520 | _aAbel el rat©đn es arrastrado por la corriente de un r©Ưo al tratar de recuperar al pa©łuelo de su esposa y termina varado en una isla por un a©ło. Pero Abel no es un rat©đn cualquiera. | ||
| 520 | _aCastaway on an uninhabited island, Abel, a very civilized mouse, finds his resourcefulness and endurance tested to the limit as he struggles to survive and return to his home. | ||
| 546 | _aText in Spanish. | ||
| 630 | 0 | 0 |
_aSurvival _vJuvenile fiction. |
| 650 | 0 |
_aMice _vJuvenile fiction. |
|
| 650 | 0 |
_aIslands _vJuvenile fiction. |
|
| 650 | 0 |
_aSpanish language _vJuvenile fiction. |
|
| 650 | 7 |
_aRatones _vNovela juvenil. _2bidex. |
|
| 650 | 7 |
_aIslas _vNovela juvenil. _2bidex. |
|
| 650 | 7 |
_aSupervivencia _vNovela juvenil. _2bidex. |
|
| 655 | 7 |
_aFiction. _2lcgft. |
|
| 700 | 1 | _aBalseiro, Maria Luisa. | |
| 942 | _cBK | ||
| 999 |
_c21023 _d21023 |
||